| 000 | 00841 a2200217 4500 | ||
|---|---|---|---|
| 001 | 39419 | ||
| 005 | 20260407155653.0 | ||
| 008 | 260407a1990 arg spa d | ||
| 003 | AR-UNSa-BCEJYS | ||
| 040 |
_aAR-UNSa-BCEJYS _bspa _cAR-UNSa-BCEJYS |
||
| 080 |
_a336.227.3 _xParaísos fiscales |
||
| 245 | 1 | 0 | _aLos ingresos provenientes del exterior |
| 020 | _a950-14-0573-7 | ||
| 264 | 1 |
_aBuenos Aires : _bEdiciones Depalma _c1990 |
|
| 300 |
_a66 p. _c20 cm. |
||
| 505 | _a1. Motivos de interés - 2. Lineamiento generales - 3. Síntesis de la evolución jurisprudencial frente a distintos tipos de hechos y pruebas - 4. Fallos vinculados con paraísos fiscales - 5. Incremento patrimonial injustificado - 6. Conclusión | ||
| 041 | _aspa | ||
| 942 | _cBK | ||
| 590 | _aniveau_biblio:m niveau_hierar:0 | ||
| 100 | 1 | _aNavarrine, Susana Camila | |
| 999 |
_c3046 _d3046 |
||